000 00505nam a2200157 i 4500
001 149301
003 ES-MaACL
007 t|
008 071019s1951 it ||||1| ita d
100 1 _aVannini, Ottorino.
_9113077
245 1 0 _aManuale di diritto penale italiano
_b: . Parte speciale : I singoli delitti e le signole contravvenzioni /
_cOttorino Vannini.
250 _aNuova ed. riv. e ampl.
260 _aMilano :
_bA. Giuffré,
_c1951.
300 _a444 p. ;
_c22 cm.
852 _aES-MaACL
_jE-3524
999 _c149301
_d149301